| 000 | 01442nam a2200265Ia 4500 | ||
|---|---|---|---|
| 999 |
_c52856 _d52856 |
||
| 001 | 19886 | ||
| 003 | GE_BSU | ||
| 005 | 20200424231108.0 | ||
| 008 | 181216s1965||||ge |||||||||||||| ||geo|| | ||
| 040 | _cGE_BSU | ||
| 041 | _ageo | ||
| 080 | _a811.353.1'36-112 ძ-49 | ||
| 245 |
_aძველი ქართული მწერლობის ოთხი ძეგლი X-XII საუკუნეთა ხელნაწერების მიხედვით : _bსტატიების კრებული / _cრედ. ი. აბულაძე. |
||
| 264 |
_aთბილისი : _bმეცნიერება, _c1965. |
||
| 300 |
_a236 გვ. ; _c22 სმ. |
||
| 520 | _a რეზიუმე რუსულ ენაზე | ||
| 546 | _aპარალელური სათაური რუსულ ენაზე | ||
| 653 | _aX-XII საუკუნეთა ხელნაწერების მიხედვით | ||
| 653 | _aძველი ქართული მწერლობა | ||
| 653 | _aქართული ხელნაწერები | ||
| 653 | _aქართული ენა - ისტორიული გრამატიკა | ||
| 653 | _aძველი ქართული მწერლობის ოთხი ძეგლი | ||
| 700 |
_a აბულაძე, ი. _eრედაქტორი _97981 |
||
| 942 |
_cBK _2udc |
||